Score 0/20 Timer 06:00
0 Plays Today
% Correct
Rocky
97.9%
Taxi Driver
96%
Network
84.4%
All the President's Men
84.1%
The Omen
76.5%
The Outlaw Josey Wales
61.1%
Marathon Man
58.5%
The Shootist
31.7%
The Tenant
27.8%
Harlan County U.S.A.
23%
% Correct
1900
18.3%
The Message
15.3%
The Twelve Tasks of Asterix
14.3%
Cría Cuervos
13%
Small Change
12.4%
Face to Face
11.4%
Kings of the Road
11.1%
Mr. Klein
9.3%
Ugly, Dirty & Bad
8.5%
The Toy
7.4%
Remove Ads.
Support Sporcle.
Get the best of Sporcle when you Go Orange. This ad-free experience offers more features, more stats, and more fun while also helping to support Sporcle. Thank you for becoming a member.

You're not logged in!

Compare scores with friends on all Sporcle quizzes.
OR
Log In

Sporcle TV

Today on Sporcle TV


Watch our educational content, quiz creation guides, and fun videos on Sporcle TV.

Show Comments

Extras

Top Quizzes Today


Score Distribution

Paid Content

Your Account Isn't Verified!

In order to create a playlist on Sporcle, you need to verify the email address you used during registration. Go to your Sporcle Settings to finish the process.

Report this User

Report this user for behavior that violates our Community Guidelines.

Details: